Challengers of the deep; the story of submarines.

Bibliographic Details
Main Author: Cross, Wilbur
Format: Book
Language:English
Published: New York : W. Sloane Associates, 1959.
Subjects:

MARC

Tag First Indicator Second Indicator Subfields
LEADER 00000cam a2200000 4500
001 in00000055180
005 20151008052200.0
008 750401s1959 nyu 00000 eng u
010 |a  58010568  
035 |a (OCoLC)01246184 
035 |9 AAH2100AM 
040 |c ORL  |d TXA  |d UtOrBLW 
049 |a TXAM  |c [308112] 
050 0 0 |a V210  |b .C75 
082 0 |a 359.32 
092 |a 359.32  |b C951c 
100 1 |a Cross, Wilbur. 
245 1 0 |a Challengers of the deep; the story of submarines. 
264 1 |a New York :  |b W. Sloane Associates,  |c 1959. 
300 |a 258 pages :  |b illustrations ;  |c 22 cm. 
336 |a text  |b txt  |2 rdacontent 
337 |a unmediated  |b n  |2 rdamedia 
338 |a volume  |b nc  |2 rdacarrier 
610 1 0 |a United States.  |b Navy. 
650 0 |a Submarine warfare. 
650 0 |a Submarines (Ships) 
999 |a MARS 
999 f f |s 1c14e5b0-aeb5-38af-87b6-c7534b464cd9  |i ee4d7caa-91be-38cb-8d3a-f0fc615bf0e5  |t 0 
952 f f |p ric  |a Texas A&M University  |b Rellis Campus  |c Joint Library Facility  |d Remote Storage  |t 0  |e V210 .C75  |h Library of Congress classification  |i unmediated -- volume  |m A14800807815 
998 f f |a V210 .C75  |t 0  |l Remote Storage